| 000 | 00810nam a22002177a 4500 | ||
|---|---|---|---|
| 999 |
_c19954 _d19954 |
||
| 003 | AR-CdUCM | ||
| 008 | 190305b ||||| |||| 00| 0 spa d | ||
| 040 |
_aMUNICIPALIDAD PROVINCIAL DEL CUSCO _cBIBLIOTECA MUNICIPAL DEL CUSCO |
||
| 082 |
_a347.5 / _bM58 |
||
| 100 |
_aMillan, Alberto S. _941734 |
||
| 245 | _aEl cheque en la legislación penal / | ||
| 260 |
_aArgentina : _bNicaragua, _c1958. |
||
| 300 |
_a253 páginas ; _c25 cm. |
||
| 500 | _aCon casos de delitos políticos, en España (1931-1936) | ||
| 505 | _aContenido : Origen y evolución del cheque -- Delitos contra la fe publica -- Falsificación del cheque... | ||
| 650 |
_aDelito de pago de cheque _941735 |
||
| 650 |
_aDelito extorsiva de cheque _941736 |
||
| 650 |
_aLegislación comparada _935606 |
||
| 942 |
_2ddc _cLIBROS |
||
| 945 | _arcc | ||